| 000 | 00379nam a2200133Ia 4500 | ||
|---|---|---|---|
| 008 | 190722s9999 xx 000 0 und d | ||
| 020 | _a978-81-224-3681-5 | ||
| 100 | _aNv Suryanaryana | ||
| 245 | 0 | _aUtilisation of Electric Power Including electric drives and Electric traction | |
| 250 | _a2rd | ||
| 260 |
_aIndia _bNew Age international _c2014 |
||
| 300 | _a362 | ||
| 942 | _cBK | ||
| 999 |
_c991 _d991 |
||